| 000 | 01411 a2200229 4500 | ||
|---|---|---|---|
| 001 | 46574 | ||
| 005 | 20260407155736.0 | ||
| 008 | 260407a1980 arg spa d | ||
| 003 | AR-UNSa-BCEJYS | ||
| 040 |
_aAR-UNSa-BCEJYS _bspa _cAR-UNSa-BCEJYS |
||
| 080 |
_a658.5 _xPlanificación y control de la producción |
||
| 245 | 1 | 0 |
_aDirección Técnica y Administración de la producción _pCurso de operaciones de control -Parte 1- |
| 020 | _a968-18-0983-1 | ||
| 264 | 1 |
_aMéxico : _bLimusa _c1980 |
|
| 300 |
_a289 p. _c28 cm. |
||
| 505 | _aParte I: Conocimiento de las operaciones: 1. Administración de la producción y operaciones relacionadas: Generalidades – 2. La toma de decisiones y la función de producción – 3. Aplicación del concepto de sistemas – 4. Los métodos analíticos – 5. Empleo de los datos de costos para la toma de decisiones – Parte II: Planeación de las operaciones: 6. Sistemas de producción-inventario – 7. Pronóstico e inventarios – 8. Planes y programas globales – Parte III: Programación y control de las operaciones: 9. Programación y control de los sistemas a gran escala – 10. Programación y control de los sistemas intermitentes – 11. El control de calidad – 12. Mantenimiento - | ||
| 942 | _cBK | ||
| 590 | _aniveau_biblio:m niveau_hierar:0 | ||
| 100 | 1 | _aCalvet Perez, Ricardo | |
| 700 | 1 | _aBuffa, Elwood S. | |
| 700 | 1 | _aPerez Segui, Enrique | |
| 999 |
_c4208 _d4208 |
||